Frazioni di Reggio Emilia - Statistics

Statistiche generali
  • Questo quiz è stato fatto 5 volte
  • Il punteggio medio è 8 su 30
Statistiche sulle risposte
Risposta % Corretto
Canali
100%
Bagno
67%
Cadè
67%
Fogliano
67%
Massenzatico
67%
Rivalta
67%
Cella
33%
Corticella
33%
Coviolo
33%
Gaida
33%
Mancasale
33%
Masone
33%
Pieve Modolena
33%
Pratofontana
33%
San Bartolomeo
33%
San Maurizio
33%
Sesso
33%
Castellazzo
0%
Cavazzoli
0%
Codemondo
0%
Gavassa
0%
Gavasseto
0%
Marmirolo
0%
Ospizio
0%
Roncadella
0%
Roncocesi
0%
Sabbione
0%
San Pellegrino
0%
San Prospero Strinati
0%
Santa Croce
0%
Nessun quiz corrispondente trovato
Distribuzione punteggi
Percentuale di utenti per punteggio
Percentile per numero di risposta
I tuoi punteggi nel tempo
Non hai fatto questo quiz